Statistics for Konger i Norge

Click here to take the quiz!

General Stats

  • This quiz has been taken 298 times
  • The average score is 43 of 64

Answer Stats

NrNavnStartSlutt% Correct
1Harald I Hårfagre872931
100%
4Harald II Gråfjell960970
99%
13Harald III Hardråde10451066
99%
22Harald IV Gille11301136
99%
64Harald V1991-
99%
8Olav II den Hellige10151028
94%
15Olav III Kyrre10671093
94%
6Olav I Tryggvason9951000
94%
37Olav IV13801387
94%
18Olav Magnusson11031115
94%
63Olav V19571991
94%
62Haakon VII19051957
93%
9Håkon Eiriksson10281029
93%
3Håkon I den Gode933960
93%
26Håkon II Herdebrei11571162
93%
29Håkon III12021204
93%
31Håkon IV12171263
93%
16Håkon Magnusson10931095
93%
5Håkon Sigurdsson970995
93%
34Håkon V12991319
93%
36Håkon VI13431380
93%
12Magnus I den Gode10351047
71%
14Magnus III10661069
71%
17Magnus III Berrføtt10931103
71%
21Magnus IV den blinde11301136
71%
27Magnus V11611184
71%
35Magnus VII13191355
71%
32Magnus VI Lagabøte12631280
71%
2Eirik I Blodøks931933
69%
33Eirik II12801299
69%
39Eirik III13891442
69%
7Eirik og Svein Håkonsson10001015
69%
58Carl III Johan18181844
67%
42Christian I14501481
64%
44Christian II15131523
64%
46Christian III15371559
64%
48Christian IV15881648
64%
50Christian V16701699
64%
52Christian VI17301746
64%
54Christian VII17661808
64%
28Sverre Sigurdsson11771202
61%
41Carl I Bonde14491450
58%
57Carl II18141818
58%
60Carl IV18591872
58%
59Oscar I18441859
54%
61Oscar II18721905
54%
45Frederik I15231533
52%
47Frederik II15591588
52%
49Frederik III16481670
52%
51Frederik IV16991730
52%
53Frederik V17461766
52%
55Frederik VI18081814
52%
20Sigurd I11031130
50%
23Sigurd II Munn11361155
50%
11Svein Knutsson10301035
44%
43Hans14831513
39%
30Inge II12041217
33%
24Inge I Krokrygg11361161
33%
38Margrete13881412
33%
56Christian Frederik18141814
30%
25Øystein II11421157
30%
19Øystein I Magnusson11031123
30%
10Knud den Store10291030
24%
40Christoffer av Bayern14421448
19%

Score Distribution

Percentile by Number Answered

Percent of People with Each Score

Your Score History

You have not taken this quiz